Statistiche per Tavola Pitagorica fino a 12 in 2 Minuti

Clicka qui per fare il quiz!

Statistiche generali

  • Questo quiz è stato fatto 8.077 volte
  • Il punteggio medio è 87 su 144

Statistiche sulle risposte

Risposta% Corretto
1
100%
10
99%
2
99%
3
99%
4
99%
5
99%
6
99%
7
99%
8
99%
9
99%
11
98%
2
98%
4
98%
10
97%
12
97%
12
97%
14
97%
16
97%
18
97%
20
97%
6
97%
8
97%
22
96%
24
96%
3
96%
6
96%
9
96%
12
95%
15
95%
18
95%
21
95%
24
94%
27
94%
30
94%
4
94%
33
93%
36
93%
8
93%
12
92%
16
92%
20
91%
24
91%
28
91%
32
91%
5
91%
10
90%
36
90%
40
90%
15
89%
20
89%
25
89%
30
89%
35
89%
44
89%
48
89%
40
88%
45
88%
50
88%
55
88%
6
88%
60
87%
12
86%
18
85%
24
83%
30
82%
36
81%
42
80%
48
79%
54
77%
60
76%
66
75%
7
75%
72
73%
14
72%
21
70%
28
69%
35
67%
42
65%
49
63%
56
60%
63
56%
70
55%
77
54%
8
53%
84
50%
16
49%
24
47%
32
45%
40
43%
48
41%
56
39%
64
36%
72
34%
9
34%
80
33%
88
32%
18
30%
96
29%
27
28%
36
27%
10
26%
45
26%
54
25%
63
24%
20
23%
72
23%
81
23%
30
22%
40
22%
90
22%
99
22%
50
21%
60
21%
70
21%
80
21%
100
20%
11
20%
90
20%
108
19%
110
19%
120
18%
22
18%
33
17%
44
16%
55
16%
66
16%
77
16%
88
15%
99
15%
110
14%
12
14%
121
13%
24
12%
132
11%
36
10%
48
10%
60
9%
72
9%
84
8%
96
8%
108
7%
120
7%
132
6%
144
6%

Distribuzione punteggi

Percentile per numero di risposta

Percentuale di utenti per punteggio

I tuoi punteggi nel tempo

Non hai fatto questo quiz